000 00780nam a2200241Ia 4500
003 OSt
005 20220925231815.0
006 a|||||r|||| 00| 0
007 ta
008 220923b |||||||| |||| 00| 0 eng d
037 _cGeneral Book
040 _aRTL
_cRTL
_beng
041 _2eng
_aeng
082 _aX:(B2893), L0
100 _aAlichison John
_9296136
245 0 _aChice against chance
_b An introduction to statistic
260 _aMassachusetts
_bAddison Wesley
_c1970
300 _aix, 284p. Bib p265-68, Appendixes p269-75
_ccm.
490 _aAddison Wesely series in behavieral science: Quantitative methods
650 _aOperations Recearsh Economic
942 _hX:(B2893), L0
_cGB
_2CC
999 _c589479
_d589479